All Love Island UK Contestants - Statistics

General Stats
  • This quiz has been taken 123 times
  • The average score is 171 of 395
Answer Stats
Season Islander % Correct
Molly Smith
88%
Tommy Fury
88%
Mollie Salmon
86%
Molly-Mae Hague
86%
Molly Marsh
86%
Tom Clare
86%
Tommy Bradley
86%
Tom Powell
86%
Tom Walker
86%
Joanna Chimonides
83%
Sam Jackson
82%
Sam Taylor
82%
Jonny Mitchell
80%
Samantha Kenny
80%
Sam Bird
80%
Sam Gowland
80%
Samira Mighty
80%
Sammy Root
80%
Anna Vakili
78%
John Alberti
78%
Jon Clark
78%
Anna-May Robey
77%
Scott Thomas
77%
Georgia Harrison
75%
Jack Barlow
75%
Jack Fincham
75%
Jack Fowler
75%
Jack Keating
75%
Jess Gale
75%
Jess Harding
75%
Jessica Hayes
75%
Jessica Shears
75%
Jessica Spencer
75%
Jessie Wynter
75%
Jess White
75%
Jessy Potts
75%
Megan Barton Hanson
75%
Megan Forte Clarke
75%
Megan "Meg" Moore
75%
Ty Isherwood
75%
Amber Beckford
74%
Amber Davies
74%
5 Amber Gill
74%
Amber Wise
74%
Harriet Blackmore
74%
Bilikis "Billykiss" Azeez
72%
Dani Dyer
72%
Danielle Mazhindu
72%
Danny Biddy
72%
Danny Williams
72%
Dan Rose
72%
Lucinda Strafford
72%
Scott Van-Der-Sluis
72%
Grace Jackson
71%
Harrison Solomon
71%
Luca Bish
71%
Millie Court
71%
Chris Taylor
69%
Danielle Sellers
69%
Daniell Pyne
69%
Daniel Lukakis
69%
Ella Thomas
69%
Joey Essex
69%
Biggs Chris
68%
Chris Baxter
68%
Chris Middleton
68%
Chris Williamson
68%
Ella Barnes
68%
Emma Jane Woodham
68%
Emma Milton
68%
Grace Wardle
68%
Harry Young
68%
Indiyah Polack
68%
Joe Garratt
68%
Joel Kirby
68%
Wil Anderson
68%
Will Means
68%
Curtis Pritchard
66%
Harry Baker
66%
Harry Cooksley
66%
Ron Hall
66%
Ronnie Vint
66%
12 Antonia "Toni" Laites
65%
Belle Hassan
65%
Chloe Hughes
65%
George Day
65%
George Fensom
65%
5 George Rains
65%
George Tasker
65%
Georgia Steel
65%
Georgia Townend
65%
Kady McDermott
65%
Katie Salmon
65%
Maura Higgins
65%
Olivia Attwood
65%
Olivia Buckland
65%
Olivia Hawkins
65%
Shakira Khan
65%
Tony Alberti
65%
Chloe Burrows
63%
Ekin-Su Culculoglu
63%
Josh Brocklebank
63%
Josh Denzel
63%
Josh Kempton
63%
Josh Le Grove
63%
Josh Mair
63%
Josh Oyinsan
63%
Josh Ritchie
63%
Sean Stone
63%
Davide Sanclimenti
62%
David Salako
62%
Helena Ford
62%
Gemma Owen
60%
4 | 8 Adam Collard
58%
2 Adam Jukes
58%
Adam Maxted
58%
Alex George
58%
Billy Brown
58%
Mal Nicol
58%
Michael Griffiths
58%
Sophie Gradon
58%
Sophie Lee
58%
Sophie Piper
58%
Ciaran Davies
57%
Eva Zapico
57%
Eve Gale
57%
India Reynolds
57%
Toby Aromolaran
57%
Whitney Adebayo
57%
Connagh Howard
55%
Jamie Allen
55%
Kem Cetinay
55%
Yasmin "Yaz" Broom
55%
Catherine Agbaje
54%
Connor Durman
54%
Harley Brash
54%
Harley Judge
54%
Konnor Ewudzi
54%
Liam Llewellyn
54%
Liam Reardon
54%
Conor Phillips
52%
Dami Hope
52%
Jaime Clayton
52%
Jaime Jewitt
52%
Jaime Rhodes
52%
Leanne Amaning
52%
Lucie Donlan
52%
Andre Durtado
51%
Benjamin Noel
51%
Callum Jones
51%
Ellie Jackson
51%
Hannah Elizabeth
51%
Kazimir Crossley
51%
Kaz Kamwi
51%
Lauren "Lolly" Hart
51%
Lauren Richardson
51%
Poppy Harrison
51%
Shaq Muhammad
51%
Dejon Noel-Williams
49%
Haris Namani
49%
James Khan
49%
Laura Anderson
49%
Lauren Whiteside
49%
Lauren Wood
49%
Ovie Soko
49%
Paige Thorne
49%
Paige Turley
49%
Alexandra Cane
48%
3 Alex Beattie
48%
Alex Bowen
48%
6 Alexi Eraclides
48%
Alex Miller
48%
Amy Hart
48%
Arabella Chi
48%
Ben Holbrough
48%
Callun Macleod
48%
Ellie Brown
48%
Ellie Jones
48%
9 Ellie Spence
48%
Jake Cornish
48%
Jake Spivey
48%
Laura Crane
48%
Malisha Jordan
48%
Zara Lackenby-Brown
48%
Uma Jammeh
46%
Amy Day
45%
Lucy Graybill
45%
Lucy Quinn
45%
Mimii Ngulube
45%
Will Young
45%
Zara Holland
45%
Zara McDermott
45%
10 Abi Moores
43%
1 Ben Porter
43%
Jordan Adefeyisan
43%
Jordan Hames
43%
Jordan Odofin
43%
Jordan Ring
43%
Jordan Waobikeze
43%
Jourdan Riane
43%
Liberty Poole
43%
Anton Danyluk
42%
Cacherel "Cach" Mercer
42%
Casey O'Gorman
42%
Danica Taylor
42%
Luke Mabbott
42%
Luke Trotman
42%
Tasha Ghouri
42%
Mike Boateng
40%
Mike Thalassitis
40%
Rachel Christie
40%
Matilda Draper
38%
Rachel Fenton
38%
Rachel Finni
38%
Samie Elishi
38%
Zachariah Noble
38%
Zachary Ashford
38%
Charlie Brake
37%
Charlie Frederick
37%
Charlie Radnedge
37%
Charlie Williams
37%
Elma Pazar
37%
Kai Fagan
37%
Lana Jenkins
37%
Max Morley
37%
Maxwell Samuda
37%
Nathan Joseph
37%
Camilla Thurlow
35%
Demi Jones
35%
Gabby Allen
35%
Greg O'Shea
35%
Mitchell Taylor
35%
Stevie Bradley
35%
Andrew Le Page
34%
Faye Winter
34%
Leah Taylor
34%
Luis Morrison
34%
Paul Knoops
34%
Rosie Williams
34%
Abigail Rawlings
32%
Emily Moran
32%
Nas Majeed
32%
Nathan Massey
32%
Nicole Samuel
32%
Rosie Seabrook
32%
Sanam Harrinanan
32%
Tyrique Hyde
32%
11 Ayo Odukoya
31%
Dom Lever
31%
Hayley Hughes
31%
Jacques O'Neill
31%
Oliver "Chuggs" Wallis
31%
Steve Ball
31%
Francesca Allen
29%
Lillie Haynes
29%
Ollie Williams
29%
Teddy Soares
29%
Tyler Cruickskank
29%
Yewande Biala
29%
Brad McClelland
28%
Gabby Jeffery
28%
Lochan Nowaski
28%
Marcel Somerville
28%
Montana Brown
28%
Rebecca Gormley
28%
Summer Botwe
28%
Tanya Manhenga
28%
Theo Campbell
28%
Tina Stinnes
28%
Tyla Carr
28%
7 Aaron Francis
26%
Aaron Simpson
26%
9 Aaron Waters
26%
Antigoni Buxton
26%
Charlotte Sumner
26%
Ellisha-Jade White
26%
Natalia Zoppa
26%
Nathalia Campos
26%
Cara De La Hoyde
25%
Daisy Muller
25%
Deji Adeniyi
25%
Jay Younger
25%
Jazmine Nichol
25%
Ryan Bannister
25%
Ryan Weekley
25%
AJ Bunker
23%
Cally Jane Beech
23%
Chyna Ellisa
23%
Coco Lodge
23%
Eyal Booker
23%
Ikenna Ekwonna
23%
Mary Bedford
23%
Omar Nyame
23%
Omar Sultani
23%
Poppy Farnan
23%
Siannise Fudge
23%
Wes Nelson
23%
Zoe Basia Brown
23%
Bethany Roger
22%
Blu Chegini
22%
Hugo Godfroy
22%
Hugo Hammond
22%
Jade Affleck
22%
Matthew MacNabb
22%
Rob Lipsett
22%
Shannen McGrath
22%
Shannon Singh
22%
Shaughna Phillips
22%
Tyne-Lexy Clarson
22%
Chyna Mills
20%
Kieran Nicholls
20%
Malin Andersson
20%
Amelia Peters
18%
Claudia Fogarty
18%
Finley Tapp
18%
Martin Akinola
18%
Martin Enitan
18%
Naomi Ball
18%
Oliver Maxwell Fernandez
18%
Reece Ford
18%
Ruby Dale
18%
Simon Searles
18%
Terry Walsh
18%
Ched Uzor
17%
Craig Lawson
17%
Dennon Lewis
17%
Kaila Troy
17%
Marvin Brooks
17%
Patsy Pielf
17%
Reuben Collins
17%
Boris Vidovic
15%
Caprice Alexandra
15%
Elom Ahlijah-Wilson
15%
Giorgio Russo
15%
Keanan Brand
15%
Lacey Edwards
15%
Layla Al-Momani
15%
Lola Deluca
15%
Nial Aslam
15%
Remell Millings
15%
Remi Lambert
15%
Shea Mannings
15%
Tiffany Leighton
15%
Brett Staniland
14%
Cheyanne Kerr
14%
Cynthia Otseh-Taiwo
14%
Dale Mehmet
14%
Darylle Sargeant
14%
Dean Overson
14%
Frankie Davey
14%
Frankie Foster
14%
Kendall Rae-Knight
14%
Kodie Murphy
14%
Lydia Karakyriakou
14%
Malia Arkian
14%
Maria Wild
14%
Mehdi Edno
14%
Montell McKenzie
14%
Munveer Jabbal
14%
Rykard Jenkins
14%
Savanna Darnell
14%
Sharon Gaffka
14%
Tanyel Revan
14%
Wallace Wilson
14%
Blade Siddiqi
12%
Diamante Laiva
12%
Liana Isadora Van Riel
12%
Ouzy See
12%
Priya Gopaldas
12%
Rheo Parnell
12%
Stephanie Lam
12%
Trey Norman
12%
Afia Tonkmor
11%
Idris Virgo
11%
Ruchee Gurung
11%
Travis Almond
11%
Bayley Mummery
9%
Javi Shephard
9%
Kain Reed
9%
Lavena Back
9%
Nabila Badda
9%
Sherif Lanre
9%
Tink Reading
9%
Troy Frith
9%
Clarisse Juliette
8%
Lynda Flix
8%
Marino Katrouris
8%
Medhy Malanda
8%
Salma Naran
8%
Spencer Wilks
8%
Lionel Awudu
6%
Mozaiah Pinder
5%
Priscillia Anyabu
2%
No matching quizzes found
Score Distribution
Percent of People with Each Score
Percentile by Number Answered
Your Score History
You have not taken this quiz